000 01094nam a2200289 i 4500
001 000013419
003 DO-SdBNP
005 20260520100740.0
007 ta
008 091124s1995 dr 000 0 spa d
040 _aDO-SdBNP
_bspa
_cBNPHU
_erda
041 _aspa
082 4 _axxx
_bxxx
_222
100 1 _aSánchez Valverde, Antonio,
_eautor
_4aut.
_96352
245 1 3 _aEl predicador :
_bTratado dividido en tres partes, al que preceden unas reflexiones sobre los abusos del púlpito y medios de su reforma /
_cAntonio Sánchez Valverde ; edición, Andrés Blanco Díaz
264 4 _aSanto Domingo :
_bEdiciones de la Fundación Corripio, INC.,
_c1995.
300 _a147 paginas ;
_c23 cm.
336 _atexto
_btxt
_2rdacontent
337 _asin mediación
_bn
_2rdamedia
338 _avolumen
_bnc
_2rdacarrier
490 0 _aBiblioteca de Clásicos Dominicanos
_v21
500 _aIncluye referencias bibliográficas y notas al píe de las páginas
590 _aInventariado, 2023/BT
700 _aBlanco Díaz, Andrés,
_eeditor
_4ed.
_9172
910 _aBtavárez
942 _2ddc
_cLBS1
999 _c13045
_d13045